Κωδικοποίηση νόμου 2190 περί ανωνύμων εταιρειών : όπως ισχύει μετά τα προεδρικά διατάγματα 409/12/28.11.1986 και 498/31.12.1987 και νόμος 3190/1955 περί εταιρειών περιορισμένης ευθύνης
Αποθηκεύτηκε σε:
| Κύριος συγγραφέας: | |
|---|---|
| Μορφή: | Βιβλίο |
| Γλώσσα: | Greek |
| Δημοσίευση: |
Αθήνα, Κομοτηνή :
Σάκκουλα,
1988
|
| Θέματα: | |
| Ετικέτες: |
Προσθήκη ετικέτας
Δεν υπάρχουν, Καταχωρήστε ετικέτα πρώτοι!
|
MARC
| LEADER | 00000nam a2200000 i 4500 | ||
|---|---|---|---|
| 001 | 1/47152 | ||
| 008 | 960308s1988 gre d | ||
| 035 | |l 10026448 | ||
| 040 | |a GR-MY-UA |b gre |e aacr | ||
| 041 | 0 | |a gre | |
| 082 | 0 | |a 346.066026 | |
| 100 | 1 | |a Λεβαντής, Ελευθέριος Φ. | |
| 245 | 1 | 0 | |a Κωδικοποίηση νόμου 2190 περί ανωνύμων εταιρειών : |b όπως ισχύει μετά τα προεδρικά διατάγματα 409/12/28.11.1986 και 498/31.12.1987 και νόμος 3190/1955 περί εταιρειών περιορισμένης ευθύνης / |c Ελευθέριος Φ.Λεβαντής |
| 260 | |a Αθήνα, Κομοτηνή : |b Σάκκουλα, |c 1988 | ||
| 300 | |a 364 σ. | ||
| 500 | |a Περιέχει:α.το κείμενο του Κωδ/νου Ν.2190/1920 όπως ισχύει μετά τα Π.Δ. 409/1986 και 498/1987 β.προέλευση κάθε άρθρου γ.τις εισηγητικές εκθέσεις επι των Π.Δ.409/1986 και 498/1987 | ||
| 650 | 0 | 0 | |a Corporation law |z Greece. |
| 650 | 0 | 0 | |a Law |x Codification. |
| 852 | |a INST |b CHIOS |e 19960308 |h 346.066026 ΛΕΒ |p 005200002743 |q 005200002743 |t BK |y 0 | ||
| 909 | |a Χ |b 027627 | ||